Murdoch mysteries. Season 18 / a Shaftesbury ... Read More
Available copies
- 1 of 2 copies available at LARL/NWRL Consortium. (Show)
- 1 of 2 copies available at Lake Agassiz Regional Library.
Current holds
1 current hold with 2 total copies.
Show All Copies
| Location | Call Number / Copy Notes | Barcode | Shelving Location | Status | Due Date |
|---|---|---|---|---|---|
| Crookston Public Library | DVD MUR (Text) | 33500014223705 | Main | Available | - |
Record details
- Physical Description: 6 videodiscs (960 min.) : sound, color ; 4 3/4 in.
- Publisher: [United States] : Acorn, [2025]
- Copyright: ©2025
Content descriptions
| General Note: | Originally broadcast as single episodes of a television program in 2024-2025. Based on the characters from the Murdoch Mystery novels by Maureen Jennings. Wide screen. Special features: Musical guests; New cast member. |
| Formatted Contents Note: | Disc 1. The new recruit ; Only Murdoch in the ... Read More |
| Creation/Production Credits Note: | Directed by Craig Wallace, Katie Boland, Yannick ... Read More |
| Participant or Performer Note: | Yannick Bisson, Thomas Craig, Jonny Harris, Daniel ... Read More |
| Summary, etc.: | With his wife in London, Detective Murdoch finds ... Read More |
| Target Audience Note: | Rating: Not rated. |
| System Details Note: | DVD; NTSC, region 1; widescreen (1.78:1); Dolby ... Read More |
| Language Note: | English dialogue; English subtitles for the deaf ... Read More |
| Source of Description Note: | Title from container. |
Search for related items by subject
| Subject: | Murdoch, William (Fictitious character) > Drama. Murder > Investigation > Ontario > Toronto > Drama. Police > Ontario > Toronto > Drama. Criminal investigation > Ontario > Toronto > Drama. Forensic sciences > Ontario > Toronto > 19th century > Drama. Constables > Ontario > Toronto > Drama. Pathologists > Ontario > Toronto > Drama. |
Search for related items by series
| LDR | 09625cgm a2201513 i 4500 | ||
|---|---|---|---|
| 001 | 464600 | ||
| 003 | LARL_NWRL_CONSORTIUM | ||
| 005 | 20250710135520.0 | ||
| 008 | 250512p20252024xxu960 vleng d | ||
| 007 | vd cvaizq | ||
| 040 | . | ‡aTEFMT ‡beng ‡erda ‡cTEFMT ‡dTEF ‡dOCLCO ‡dGK8 ‡dOCLCO ‡dIK2 ‡dINO ‡dOCLCO ‡dJQW ‡dJBU | |
| 024 | 1 | . | ‡a054961000968 |
| 028 | 4 | 2. | ‡aAMP00096 ‡bAcorn |
| 033 | 2 | 1. | ‡a2024---- ‡a2025---- |
| 035 | . | ‡a(OCoLC)1519374696 | |
| 037 | . | ‡bMidwest Tape ‡nhttp://www.midwesttapes.com | |
| 041 | 0 | . | ‡aeng ‡peng ‡heng |
| 043 | . | ‡an-cn-on | |
| 046 | . | ‡k2024 ‡l2025 ‡2edtf | |
| 082 | 0 | 4. | ‡a791.45/75 ‡223/eng/20250519 |
| 130 | 0 | . | ‡aMurdoch mysteries (Television program). ‡pSeason 18. |
| 245 | 1 | 0. | ‡aMurdoch mysteries. ‡pSeason 18 / ‡ca Shaftesbury production ; a CBC original series ; in association with ITV Studios ; developed for television by R.B. Carney, Cal Coons, Alexandra Zarowny ; producer, Julie Lacey ; produced by Jeremy Hood ; directed by Craig Wallace, Katie Boland, Yannick Bisson, Duane Crichton, Winnifred Jong [and others] ; written by Peter Mitchell, Simon McNabb, Saleema Nawaz, Jenny Lee, Noelle Girard [and others]. |
| 257 | . | ‡aCanada ‡2naf | |
| 264 | 1. | ‡a[United States] : ‡bAcorn, ‡c[2025] | |
| 264 | 4. | ‡c©2025 | |
| 300 | . | ‡a6 videodiscs (960 min.) : ‡bsound, color ; ‡c4 3/4 in. | |
| 306 | . | ‡a160000 | |
| 336 | . | ‡atwo-dimensional moving image ‡btdi ‡2rdacontent | |
| 337 | . | ‡avideo ‡bv ‡2rdamedia | |
| 338 | . | ‡avideodisc ‡bvd ‡2rdacarrier | |
| 340 | . | ‡b4 3/4 in. | |
| 340 | . | ‡gpolychrome ‡2rdacc | |
| 341 | 0 | . | ‡aauditory ‡bclosedCaptions ‡2sapdv |
| 344 | . | ‡adigital ‡2rdatr | |
| 344 | . | ‡boptical ‡2rdarm | |
| 344 | . | ‡gsurround ‡2rdacpc | |
| 344 | . | ‡hDolby digital 5.1 | |
| 344 | . | ‡isound ‡2rdasco | |
| 345 | . | ‡c1.78:1 | |
| 345 | . | ‡dwide screen ‡2rdaar | |
| 347 | . | ‡avideo file ‡2rdaft | |
| 347 | . | ‡bDVD video | |
| 380 | . | ‡aTelevision programs ‡2lcgft | |
| 490 | 0 | . | ‡aMurdoch mysteries ; ‡vSeason 18 |
| 538 | . | ‡aDVD; NTSC, region 1; widescreen (1.78:1); Dolby Digital 5.1. | |
| 546 | . | ‡aEnglish dialogue; English subtitles for the deaf and hard of hearing (SDH). | |
| 532 | 1 | . | ‡aEnglish subtitles for the deaf and hard of hearing (SDH) |
| 588 | 0 | . | ‡aTitle from container. |
| 511 | 1 | . | ‡aYannick Bisson, Thomas Craig, Jonny Harris, Daniel Maslany, Shanice Banton, Clare McConnell, Paul Sun-Hyung Lee. |
| 508 | . | ‡aDirected by Craig Wallace, Katie Boland, Yannick Bisson, Duane Crichton, Winnifred Jong, Elsbeth McCall, Laurie Lynd, Eleanore Lindo, Sherren Lee, Gary Harvey, Mina Shum, Jayson Clute, Peter Mitchell ; written by Peter Mitchell, Simon McNabb, Saleema Nawaz, Jenny Lee, Noelle Girard, Christina Ray, Keri Ferencz, Nick West, Julie Lacey ; composer, Robert Carli ; editor, Vesna Svilanovic, Kathy Weinkauf, Julia Blua, Tom Joerin ; production designer, Sandra Kybartas, Bob Sher ; director of photography, Jayson Clute ; costume designer, Joanna Syrokomla. | |
| 500 | . | ‡aOriginally broadcast as single episodes of a television program in 2024-2025. | |
| 500 | . | ‡aBased on the characters from the Murdoch Mystery novels by Maureen Jennings. | |
| 500 | . | ‡aWide screen. | |
| 520 | . | ‡aWith his wife in London, Detective Murdoch finds himself at loose ends. Despite his promotion after Brackenreid was appointed chief constable, Murdoch realizes solving crimes is what he does best. He declines the role in order to keep investigating and the station house welcomes Inspector Choi. While Murdoch focuses on policing, Crabtree feels the lure of his creative pursuits, coroner Violet Hart runs her nightclub and Effie Newsome-Crabtree becomes a crown attorney. Cases include the killing of a man during a battlefield reenactment, a paleontologist’s murder, a drug overdose at a low-cost housing complex, and a murder mystery at an event for Charles Dickens aficionados. | |
| 500 | . | ‡aSpecial features: Musical guests; New cast member. | |
| 521 | 8 | . | ‡aRating: Not rated. |
| 505 | 0 | 0. | ‡gDisc 1. ‡tThe new recruit ; ‡tOnly Murdoch in the building ; ‡tWhat the Dickens?! ; ‡tGimme Shelter -- ‡gDisc 2. ‡tA starlet is born ; ‡tThe Murdoch link ; ‡tMeasure of my dreams ; ‡tWelcome to Paradise -- ‡gDisc 3. ‡tWhen rubber meets the road ; ‡tThe men who sold the world ; ‡tBombshells ; ‡tThe star of Mandalay -- ‡gDisc 4. ‡tThe wrong man ; ‡tA murder most convenient ; ‡tWhen Irish eyes are lying ; ‡tShakespeare's beard -- ‡gDisc 5. ‡tThe death of James Pendrick ; ‡tThe incredible astonishing adventures of constable George Crabtree ; ‡tHeir of the dog ; ‡tGoing postal -- ‡gDisc 6. ‡tThe body electric ; ‡tWe take care of our own ; ‡tSpecial features. |
| 650 | 0. | ‡aMurdoch, William (Fictitious character) ‡vDrama. | |
| 650 | 0. | ‡aMurder ‡xInvestigation ‡zOntario ‡zToronto ‡vDrama. | |
| 650 | 0. | ‡aPolice ‡zOntario ‡zToronto ‡vDrama. | |
| 650 | 0. | ‡aCriminal investigation ‡zOntario ‡zToronto ‡vDrama. | |
| 650 | 0. | ‡aForensic sciences ‡zOntario ‡zToronto ‡y19th century ‡vDrama. | |
| 650 | 0. | ‡aConstables ‡zOntario ‡zToronto ‡vDrama. | |
| 650 | 0. | ‡aPathologists ‡zOntario ‡zToronto ‡vDrama. | |
| 655 | 7. | ‡aDetective and mystery television programs. ‡2lcgft ‡0(LARL_NWRL_CONSORTIUM)175785 | |
| 655 | 7. | ‡aTelevision cop shows. ‡2lcgft ‡0(LARL_NWRL_CONSORTIUM)175782 | |
| 655 | 7. | ‡aTelevision crime shows. ‡2lcgft ‡0(LARL_NWRL_CONSORTIUM)175791 | |
| 655 | 7. | ‡aForensic crime dramas (Television programs) ‡2lcgft | |
| 655 | 7. | ‡aHistorical television programs. ‡2lcgft ‡0(LARL_NWRL_CONSORTIUM)175692 | |
| 655 | 7. | ‡aTelevision adaptations. ‡2lcgft ‡0(LARL_NWRL_CONSORTIUM)175702 | |
| 655 | 7. | ‡aFiction television programs. ‡2lcgft ‡0(LARL_NWRL_CONSORTIUM)175627 | |
| 655 | 7. | ‡aTelevision series. ‡2lcgft ‡0(LARL_NWRL_CONSORTIUM)175797 | |
| 655 | 7. | ‡aVideo recordings for the hearing impaired. ‡2lcgft ‡0(LARL_NWRL_CONSORTIUM)175744 | |
| 700 | 1 | . | ‡aCarney, R.B., ‡ecreator. |
| 700 | 1 | . | ‡aCoons, Cal, ‡ecreator. ‡1https://id.oclc.org/worldcat/entity/E39PCjM9pmw7hmbcY74btf7p8y |
| 700 | 1 | . | ‡aZarowny Alexandra, ‡ecreator. |
| 700 | 1 | . | ‡aLacey, Julie, ‡etelevision producer, ‡escreenwriter. ‡1https://id.oclc.org/worldcat/entity/E39PCjK4jgpkKDRDCTQrkQrkKq |
| 700 | 1 | . | ‡aHood, Jeremy, ‡etelevision producer. |
| 700 | 1 | . | ‡aWallace, Craig ‡c(Television director), ‡etelevision director. |
| 700 | 1 | . | ‡aBoland, Katie, ‡d1988- ‡etelevision director. ‡1https://id.oclc.org/worldcat/entity/E39PBJyxcqHRXfgQryJg8K8XBP ‡0(LARL_NWRL_CONSORTIUM)220354 |
| 700 | 1 | . | ‡aCrichton, Duane, ‡etelevision director. ‡1https://id.oclc.org/worldcat/entity/E39PCjJHwXhXFmhvRvmkpXr3w3 |
| 700 | 1 | . | ‡aJong, Winnifred, ‡etelevision director. |
| 700 | 1 | . | ‡aMcCall, Elsbeth, ‡etelevision director. |
| 700 | 1 | . | ‡aLynd, Laurie, ‡etelevision director. ‡1https://id.oclc.org/worldcat/entity/E39PBJkT6wCDHbB4K8XrWVwt8C |
| 700 | 1 | . | ‡aLindo, Eleanore, ‡etelevision director. ‡1https://id.oclc.org/worldcat/entity/E39PCjxcfBc78qgXbWxKxBkGXm ‡0(LARL_NWRL_CONSORTIUM)220356 |
| 700 | 1 | . | ‡aLee, Sherren, ‡etelevision director. |
| 700 | 1 | . | ‡aHarvey, Gary, ‡d1962- ‡etelelvision director. ‡1https://id.oclc.org/worldcat/entity/E39PBJmHM4XWVqyfRhBqhWRHYP |
| 700 | 1 | . | ‡aShum, Mina, ‡etelevision director. ‡1https://id.oclc.org/worldcat/entity/E39PBJd3KT8xcXwbtrT7WypdcP |
| 700 | 1 | . | ‡aMitchell, Peter ‡c(Screenwriter), ‡escreenwriter, ‡etelevision director. ‡1https://id.oclc.org/worldcat/entity/E39PCjJVKYjhbmF4GhFrDJqWQm |
| 700 | 1 | . | ‡aMcNabb, Simon, ‡escreenwriter. |
| 700 | 1 | . | ‡aNawaz, Saleema, ‡d1979- ‡escreenwriter. ‡1https://id.oclc.org/worldcat/entity/E39PBJxGRGx8QFxRX4fFKcyPQq |
| 700 | 1 | . | ‡aLee, Jenny ‡c(Screenwriter), ‡escreenwriter. |
| 700 | 1 | . | ‡aGirard, Noelle, ‡escreenwriter. |
| 700 | 1 | . | ‡aRay, Christina, ‡escreenwriter. ‡1https://id.oclc.org/worldcat/entity/E39PCjKh6BrqWqDRQkyCpmhMWC |
| 700 | 1 | . | ‡aFerencz, Keri, ‡escreenwriter. |
| 700 | 1 | . | ‡aWest, Nick, ‡escreenwriter. |
| 700 | 1 | . | ‡aBisson, Yannick, ‡d1969- ‡eactor, ‡etelevision director. ‡1https://id.oclc.org/worldcat/entity/E39PBJrgK83pW8rPhgvfhmQ8YP ‡0(LARL_NWRL_CONSORTIUM)220447 |
| 700 | 1 | . | ‡aCraig, Tom, ‡d1962- ‡eactor. ‡1https://id.oclc.org/worldcat/entity/E39PBJfRH8dw4y8Tr7cQDDPqQq |
| 700 | 1 | . | ‡aHarris, Jonny, ‡eactor. ‡1https://id.oclc.org/worldcat/entity/E39PCjr97Gqr6wB8ctXXrrCJDq |
| 700 | 1 | . | ‡aMaslany, Daniel, ‡d1988- ‡eactor. |
| 700 | 1 | . | ‡aBanton, Shanice, ‡eactor. ‡1https://id.oclc.org/worldcat/entity/E39PBJqk78F7PftD3kp8vgJhpP |
| 700 | 1 | . | ‡aMcConnell, Clare, ‡eactor. |
| 700 | 1 | . | ‡aLee, Paul Sun-Hyung, ‡d1972- ‡eactor. ‡1https://id.oclc.org/worldcat/entity/E39PBJpJcdpvCv6VjKMHGpXcfq |
| 700 | 1 | . | ‡aCarli, Robert, ‡ecomposer (expression) ‡1https://id.oclc.org/worldcat/entity/E39PBJq6T4rBQPX3mvXwDyf6rq |
| 700 | 1 | . | ‡aSvilanovic, Vesna, ‡eeditor of moving image work. |
| 700 | 1 | . | ‡aWeinkauf, Kathy, ‡eeditor of moving image work. |
| 700 | 1 | . | ‡aBlua, Julia, ‡eeditor of moving image work. |
| 700 | 1 | . | ‡aJoerin, Tom, ‡eeditor of moving image work. |
| 700 | 1 | . | ‡aKybartas, Sandra, ‡eproduction designer. |
| 700 | 1 | . | ‡aSher, Bob, ‡eproduction designer. |
| 700 | 1 | . | ‡aClute, Jayson, ‡edirector of photography, ‡ttelevision director. |
| 700 | 1 | . | ‡aSyrokomla, Joanna, ‡ecostume designer. |
| 700 | 1 | . | ‡iTelevision adapatation of (work): ‡aJennings, Maureen. ‡tDetective Murdoch mystery. |
| 710 | 2 | . | ‡aShaftesbury Films, ‡eproduction company. |
| 710 | 2 | . | ‡aCanadian Broadcasting Corporation, ‡ebroadcaster, ‡eproduction company. ‡0(LARL_NWRL_CONSORTIUM)65010 |
| 710 | 2 | . | ‡aITV Studios, ‡eproduction company. ‡0(LARL_NWRL_CONSORTIUM)217004 |
| 710 | 2 | . | ‡aAcorn Media (Firm), ‡epublisher. ‡0(LARL_NWRL_CONSORTIUM)151261 |
| 901 | . | ‡a464600 ‡bOCoLC ‡c464600 ‡tbiblio ‡soclc | |

Add to basket
Permalink
Disable Highlighting